केदारनाथ सिंह संचयन (Record no. 1019233)

MARC details
000 -LEADER
fixed length control field 01106nam a2200289Ia 4500
003 - CONTROL NUMBER IDENTIFIER
control field OSt
005 - DATE AND TIME OF LATEST TRANSACTION
control field 20221005110552.0
008 - FIXED-LENGTH DATA ELEMENTS--GENERAL INFORMATION
fixed length control field 221004b |||||||| |||| 00| 0 bho d
020 ## - INTERNATIONAL STANDARD BOOK NUMBER
International Standard Book Number 9789326351819 (hbk)
037 ## - SOURCE OF ACQUISITION
Terms of availability Textual
040 ## - CATALOGING SOURCE
Original cataloging agency CRL
Transcribing agency CRL
Language of cataloging bho
041 ## - LANGUAGE CODE
Source of code bho
Language code of text/sound track or separate title bho
100 ## - MAIN ENTRY--PERSONAL NAME
Personal name मंडलोई, लीलाधर, ले.
245 #0 - TITLE STATEMENT
Title केदारनाथ सिंह संचयन
246 ## - VARYING FORM OF TITLE
Title proper/short title Kedāranāth sianha sanchayana
260 ## - PUBLICATION, DISTRIBUTION, ETC.
Place of publication, distribution, etc. नई दिल्ली
Name of publisher, distributor, etc. भारतीय ज्ञानपीठ भारत
Date of publication, distribution, etc. 2015
300 ## - PHYSICAL DESCRIPTION
Extent 414पृ0
Dimensions cm.
490 ## - SERIES STATEMENT
Series statement लोकोदय ग्रंथमाला; ग्रन्थांक 1235
650 ## - SUBJECT ADDED ENTRY--TOPICAL TERM
Topical term or geographic name entry element भोजपुरी साहित्य
650 ## - SUBJECT ADDED ENTRY--TOPICAL TERM
Topical term or geographic name entry element भोजपुरी कविता
942 ## - ADDED ENTRY ELEMENTS (KOHA)
Classification part O1522,1x, 152Q5
Koha item type Textual
Source of classification or shelving scheme
Holdings
Withdrawn status Lost status Damaged status Not for loan Home library Current library Date acquired Source of acquisition Total Checkouts Full call number Barcode Date last seen Date last checked out Price effective from Koha item type Public note
        Central Library Central Library 2022-10-05 Gift, 06/06/2019, 4 O1522,1x 152Q5 CL1172768 2026-03-13 2026-02-06 2022-10-05 Textual Translated from Bhojpuri to Hindi
Copyright @ Delhi University Library System